Does the Location and Institutional Background Matter in Convergence Modelling of the EU Regions?

Testovanie regionálnej, príjmovej konvergencie regiónov NUTS2 v EÚ. ESDA - prieskumná analýza priestorových dát. Modely priestorovej, príjmovej konvergencie. Zahrnutie významu politickej orientácie regiónu. Vplyv susediacich regiónov na rast regiónu.

Salvato in:
Dettagli Bibliografici
Autore principale: Chocholatá, Michaela, 1977-
Altri autori: Furková, Andrea, 1975-
Natura: Capitolo di libro
Lingua:inglese
Soggetti:
Tags: Aggiungi Tag
Nessun Tag, puoi essere il primo ad aggiungerne!!

MARC

LEADER 00000naa a2200000 4500
001 0221878
005 20250602091628.6
041 0 |a eng 
044 |a DE 
245 1 0 |a Does the Location and Institutional Background Matter in Convergence Modelling of the EU Regions?  |c Michaela Chocholatá, Andrea Furková 
520 |a Testovanie regionálnej, príjmovej konvergencie regiónov NUTS2 v EÚ. ESDA - prieskumná analýza priestorových dát. Modely priestorovej, príjmovej konvergencie. Zahrnutie významu politickej orientácie regiónu. Vplyv susediacich regiónov na rast regiónu. 
610 2 0 |a regióny 
610 2 0 |a Európska únia 
610 2 0 |a konvergencia 
610 2 0 |a Európsky ekonomický priestor 
610 2 0 |a modely ekonometrické 
100 1 |a Chocholatá, Michaela, 1977- 
700 1 |a Furková, Andrea, 1975-